00373nam a22000977a 4500008004100000082002600041100002300067245014000090300003300230650001200263250303b |||||||| |||| 00| 0 eng d aThesis/MSc. GUR 2011. aGurung, Tayan Raj. aAnalyse comparée de l' usage de la modélisation d'accompagnement pour faciliter la gestion adaptative de l' eau agricole au Bouthan aix. 391 p. :bill. ;c28 cm. aThesis.